000 00744nam a2200217 a 4500
001 000006895
003 DO-SdBNP
005 20251215095639.0
008 090903s1982 dr 001 0 spa d
040 _aDO-SdBNP
_bspa
_cBNPHU
082 4 _a346.7293059
_bP438f
_222
100 1 _aPérez, Luis Julián
_914856
245 1 0 _aFideicomiso o trust /
_cLuis Julián Pérez ; prólogo, Luis R. del Castillo, Juan ML. Pellerano Gómez.
260 _aSanto Domingo :
_bAmigo del Hogar,
_c1982.
300 _a164 p. ;
_c23 cm.
500 _aIncluye bibliografía (p. 161)
650 0 _aFideicomiso
_zRepública Dominicana
_933544
700 1 _aR. del Castillo, Luis
_epról.
_919127
700 1 _aPellerano, Juan ML.
_epról.
_919128
942 _2ddc
_cLBS1
999 _c6681
_d6681